000 01693nam a22004337a 4500
001 000102675
003 CHAP
005 20220329143612.0
008 100825s2010 mx r 00010 spa d
010 _a99138
011 _a100110
035 _a110796
040 _cCHAP
090 _aTesis
100 1 _aRamírez Mendoza, María del Rosario.
_994149
245 1 0 _aIdentificación y patogenicidad del agente causal de la roya de la hoja del arándano (Vaccinium corymbosum) en el Estado de Michoacán /
_c/por María del Rosario Ramírez Mendoza.
260 _aChapingo, Méx. :
_bEl autor,
_c2010.
300 _a63 h. :
_bilus., cuadros.
502 _aTesis (Ing. Agr. Esp. en Parasitología Agrícola) -- UACH. Departamento de Parasitología Agrícola
590 _aALEPH
_b10
_c20130110
_lUCH01
_h1535
590 _aBATCH-UPD
_b10
_c20130110
_lUCH01
_h1123
590 _aBATCH-UPD
_b10
_c20130410
_lUCH01
_h0712
590 _aBATCH-UPD
_b10
_c20130914
_lUCH01
_h0357
590 _aBATCH-UPD
_b10
_c20140324
_lUCH01
_h1519
590 _aBATCH-UPD
_b10
_c20141002
_lUCH01
_h0844
590 _aCONVERSION
_b10
_c20130109
_lUCH01
_h1355
590 _aE12093SGE
_b10
_c20130718
_lUCH01
_h0952
650 1 4 _aArándano
_xEnfermedades.
_97293
650 1 4 _aArándano
_xPlagas.
_97295
650 1 4 _aCultivos
_xZonas de
_zMichoacán.
_930360
650 1 4 _aHongos patógenos.
_956136
650 1 4 _aRoya.
_9100376
856 _3Finding iad
_uhttp://10.13.5.2/tesis/110796.pdf
_zTeclea aquí
901 _aBK
942 _cFOLL
942 _n0
949 _aTesis
_bBC
_cTES
_d33724002217637
_eTS1
_gDonaciØn
_h51007
_i110796
_sb
949 _aTesis
_bBC
_cTES
_d33724002218405
_eTS2
_fc.2
_gDonaciØn
_h51008
_i110796
_si
999 _c99138
_d99138